[Event "Excelsior August op"]
[Site "Toronto CAN"]
[Date "2023.08.11"]
[Round "1.7"]
[White "Moses, Neil"]
[Black "Kim, Noah"]
[Result "1-0"]
[WhiteElo "2023"]
[BlackElo "2142"]
[PlyCount "120"]
[EventDate "2023.08.11"]
[EventType "swiss"]
[EventRounds "5"]
[EventCountry "CAN"]

1. e4 c6 2. d4 d5 3. exd5 cxd5 4. Bd3 Nc6 5. c3 Nf6 6. Bf4 g6 7. Nf3 Bf5 8. O-O
Bg7 9. Qc2 Bxd3 10. Qxd3 O-O 11. h3 a6 12. Nbd2 Rc8 13. Rfe1 Nd7 14. Rad1 Na5
15. Ne5 b5 16. b4 Nxe5 17. Bxe5 Bxe5 18. dxe5 Nc4 19. Nxc4 Rxc4 20. e6 Qd6 21.
Qxd5 Qxd5 22. Rxd5 Rxc3 23. exf7+ Kxf7 24. a4 bxa4 25. Ra5 a3 26. Rxa6 Rb3 27.
Ra7 Re8 28. Ra1 Rb8 29. R1xa3 R8xb4 30. Rxb3 Rxb3 31. h4 Rb1+ 32. Kh2 Rb2 33.
Kg3 h6 34. Ra6 e6 35. f3 g5 36. h5 Rb7 37. Ra8 Rc7 38. Ra4 Kf6 39. Kg4 Rc2 40.
g3 Rc5 41. Ra7 Rc4+ 42. Kh3 Rc3 43. Rh7 Rxf3 44. Rxh6+ Kf5 45. Rh8 g4+ 46. Kh4
e5 47. Rf8+ Ke6 48. Rg8 Rf1 49. Kxg4 Kf7 50. Rg5 Kf6 51. Rg6+ Kf7 52. Kg5 e4
53. Ra6 e3 54. Ra7+ Kg8 55. Re7 Re1 56. h6 e2 57. Kg6 Kf8 58. Re3 Rg1 59. h7
Rxg3+ 60. Rxg3 e1=N 1-0

[Event "Excelsior August op"]
[Site "Toronto CAN"]
[Date "2023.08.12"]
[Round "2.3"]
[White "Li, William"]
[Black "Laughlin, Braden"]
[Result "1-0"]
[WhiteElo "2272"]
[BlackElo "2061"]
[PlyCount "73"]
[EventDate "2023.08.11"]
[EventType "swiss"]
[EventRounds "5"]
[EventCountry "CAN"]

1. d4 d5 2. c4 c6 3. Nf3 Nf6 4. e3 Bf5 5. Nc3 e6 6. Qb3 Qb6 7. c5 Qxb3 8. axb3
Be7 9. b4 O-O 10. Nh4 Be4 11. f3 Bg6 12. Nxg6 hxg6 13. e4 a6 14. Bg5 dxe4 15.
fxe4 Nbd7 16. e5 Nd5 17. Bxe7 Nxe7 18. O-O-O Nd5 19. Nxd5 exd5 20. g4 Rfe8 21.
g5 Nf8 22. h4 Ne6 23. Kc2 Kf8 24. Kb3 Ke7 25. Ka4 Rh8 26. Be2 Rh7 27. Bg4 Re8
28. Ka5 Kd8 29. Kb6 Re7 30. Bxe6 fxe6 31. Rdf1 Ke8 32. Rf4 Rh8 33. Rhf1 Rg8 34.
Ra1 Rf8 35. Rxf8+ Kxf8 36. Rf1+ Kg8 37. Ka7 1-0

[Event "Excelsior August op"]
[Site "Toronto CAN"]
[Date "2023.08.12"]
[Round "2.4"]
[White "Mahtani, Nitin"]
[Black "Moses, Neil"]
[Result "0-1"]
[WhiteElo "2025"]
[BlackElo "2023"]
[PlyCount "116"]
[EventDate "2023.08.11"]
[EventType "swiss"]
[EventRounds "5"]
[EventCountry "CAN"]

1. d4 Nf6 2. c4 e6 3. Nc3 Bb4 4. e3 O-O 5. Bd3 d5 6. Nf3 dxc4 7. Bxc4 c5 8. O-O
Nc6 9. a3 Bxc3 10. bxc3 Na5 11. Bd3 c4 12. Bc2 b5 13. e4 h6 14. Re1 Bb7 15. a4
a6 16. Rb1 bxa4 17. Rb4 Qc7 18. Ne5 Rac8 19. Bf4 Qe7 20. Rxa4 Qd8 21. Qe2 Bc6
22. Rb4 Bb5 23. Ng4 Nc6 24. Rbb1 Nxg4 25. Qxg4 Kh8 26. Re3 e5 27. Rg3 Qf6 28.
dxe5 Nxe5 29. Bxe5 Qxe5 30. f4 f5 31. Qg6 Qf6 32. exf5 Qxg6 33. Rxg6 Rcd8 34.
Re1 Rd2 35. Bb1 Rb2 36. h3 a5 37. Rb6 a4 38. Kh2 a3 39. Re5 Rxb1 40. Rexb5 Rc1
41. Ra6 Rxc3 42. Rba5 a2 43. Rxa2 Rxf5 44. g3 Rd5 45. Rc6 Rdd3 46. Rg2 Rc1 47.
h4 h5 48. Rc5 g6 49. f5 Rdd1 50. Kh3 Rh1+ 51. Rh2 Rxh2+ 52. Kxh2 Kg7 53. fxg6
Kxg6 54. Rg5+ Kh6 55. Rc5 c3 56. Kg2 c2 57. Kf2 Rh1 58. Rc6+ Kg7 0-1

[Event "Excelsior August op"]
[Site "Toronto CAN"]
[Date "2023.08.12"]
[Round "2.5"]
[White "Singh, Mahip"]
[Black "Singh Dhaliwal, Jaipreet"]
[Result "0-1"]
[WhiteElo "2201"]
[BlackElo "2170"]
[PlyCount "59"]
[EventDate "2023.08.11"]
[EventType "swiss"]
[EventRounds "5"]
[EventCountry "CAN"]

1. e4 c5 2. Nc3 d6 3. d4 cxd4 4. Qxd4 Nc6 5. Qd2 g6 6. b3 Bg7 7. Bb2 Nf6 8.
O-O-O O-O 9. f3 Qa5 10. Kb1 Be6 11. Bb5 Kh8 12. h4 Rfc8 13. h5 Nxh5 14. g4 Nf6
15. Nge2 a6 16. Bxc6 Rxc6 17. Nd4 Rc7 18. e5 dxe5 19. Nxe6 fxe6 20. Qd3 Kg8 21.
Ne4 Rac8 22. Rh2 Nd5 23. a3 Rd7 24. b4 Qd8 25. Qb3 Nc3+ 26. Nxc3 Rxd1+ 27. Ka2
Rd5 28. Ne4 Qc7 29. c4 Qxc4 30. Nc5 0-1

[Event "Excelsior August op"]
[Site "Toronto CAN"]
[Date "2023.08.12"]
[Round "2.6"]
[White "Moon, Ethan"]
[Black "Oancea, Nicolae"]
[Result "1-0"]
[WhiteElo "2239"]
[BlackElo "2100"]
[PlyCount "91"]
[EventDate "2023.08.11"]
[EventType "swiss"]
[EventRounds "5"]
[EventCountry "CAN"]

1. d4 e6 2. Nf3 d5 3. e3 Nf6 4. b3 Bd6 5. Bd3 Qe7 6. O-O Nbd7 7. Bb2 e5 8. dxe5
Nxe5 9. Be2 Nxf3+ 10. Bxf3 c6 11. Nd2 Bf5 12. c4 Bd3 13. Re1 Bb4 14. cxd5 Ne4
15. Nxe4 Bxe4 16. d6 Bxf3 17. Qxf3 Bxd6 18. Bxg7 Rg8 19. Bf6 Qe6 20. e4 Be7 21.
Bxe7 Kxe7 22. Rad1 Qg4 23. Qxg4 Rxg4 24. f3 Rg6 25. Rd2 Rd8 26. Red1 Rxd2 27.
Rxd2 c5 28. Kf2 Rc6 29. Ke3 Ke6 30. g4 Rc8 31. Rc2 b6 32. f4 Rd8 33. Rd2 Rc8
34. f5+ Ke7 35. g5 c4 36. bxc4 Rxc4 37. Kf4 b5 38. h4 b4 39. h5 Rc1 40. h6 Rg1
41. Rd5 Ra1 42. Rb5 Rxa2 43. Rxb4 Ra6 44. Rb7+ Ke8 45. Rb8+ Ke7 46. Rh8 1-0

[Event "Excelsior August op"]
[Site "Toronto CAN"]
[Date "2023.08.12"]
[Round "2.7"]
[White "Kim, Noah"]
[Black "Ruchinskaya, Valerie"]
[Result "1/2-1/2"]
[WhiteElo "2142"]
[BlackElo "2099"]
[PlyCount "92"]
[EventDate "2023.08.11"]
[EventType "swiss"]
[EventRounds "5"]
[EventCountry "CAN"]

1. Nf3 d5 2. e3 Nf6 3. b3 g6 4. Bb2 Bg7 5. c4 O-O 6. Be2 b6 7. O-O Nbd7 8. d4
c5 9. Nbd2 Bb7 10. Rc1 Rc8 11. Bd3 cxd4 12. exd4 e6 13. Qe2 Qe7 14. Rfd1 Rfd8
15. h3 Qd6 16. Bb1 Ba6 17. Qe3 dxc4 18. bxc4 b5 19. Ba3 Qb8 20. c5 b4 21. Bb2
Nd5 22. Qb3 Nf4 23. Rc2 Bd3 24. Nc4 Bxc2 25. Bxc2 Nd5 26. Re1 Rxc5 27. dxc5
Nxc5 28. Bxg7 Nxb3 29. Be5 Qb5 30. axb3 f6 31. Bd4 Qd7 32. Ra1 Nf4 33. Rxa7
Ne2+ 34. Kf1 Nxd4 35. Rxd7 Rxd7 36. Nxd4 Rxd4 37. Ke2 e5 38. Ne3 e4 39. Bd1 Rd6
40. g4 Kf7 41. Bc2 Rd4 42. Nc4 f5 43. gxf5 gxf5 44. Ne5+ Ke6 45. Nc6 Rd6 46.
Nxb4 Ke5 1/2-1/2

[Event "Excelsior August op"]
[Site "Toronto CAN"]
[Date "2023.08.12"]
[Round "2.8"]
[White "Zhao, Jifan"]
[Black "Ning, Eric"]
[Result "0-1"]
[WhiteElo "2081"]
[BlackElo "2135"]
[PlyCount "46"]
[EventDate "2023.08.11"]
[EventType "swiss"]
[EventRounds "5"]
[EventCountry "CAN"]

1. e4 c5 2. Nf3 Nc6 3. Bb5 g6 4. O-O Bg7 5. c3 e5 6. Qe2 Nge7 7. d3 O-O 8. Bg5
d6 9. Rd1 h6 10. Be3 f5 11. exf5 gxf5 12. Bxc6 Nxc6 13. d4 cxd4 14. cxd4 e4 15.
Ne1 f4 16. Bc1 d5 17. Nc2 f3 18. Qe3 fxg2 19. Qg3 Rf3 20. Qg6 Ne7 21. Qh5 Rh3
22. Qe2 Qd6 23. f4 exf3 0-1

[Event "Excelsior August op"]
[Site "Toronto CAN"]
[Date "2023.08.12"]
[Round "3.3"]
[White "Singh Dhaliwal, Jaipreet"]
[Black "Wiebe, Isaac"]
[Result "0-1"]
[WhiteElo "2170"]
[BlackElo "2251"]
[PlyCount "136"]
[EventDate "2023.08.11"]
[EventType "swiss"]
[EventRounds "5"]
[EventCountry "CAN"]

1. e4 g6 2. d4 Bg7 3. Nc3 c6 4. f4 d5 5. e5 Qb6 6. b3 Nh6 7. Be3 O-O 8. h3 f6
9. Nf3 fxe5 10. fxe5 Nf5 11. Bf2 Qa5 12. Qd3 b6 13. g4 Ba6 14. Qd2 Bh6 15. g5
Bxf1 16. Rxf1 Bg7 17. O-O-O e6 18. Kb1 Nd7 19. Nh2 c5 20. Ng4 Rac8 21. Kb2 cxd4
22. Bxd4 Nxd4 23. Qxd4 Qc5 24. Qxc5 bxc5 25. Nf6+ Bxf6 26. exf6 Nb6 27. Rde1
Rc6 28. Rf3 Kf7 29. Nd1 Nd7 30. Ne3 Ne5 31. Rg3 d4 32. Nf1 Nd7 33. Nd2 e5 34.
c4 h6 35. Ne4 hxg5 36. Nxg5+ Kxf6 37. Nh7+ Kg7 38. Nxf8 Kxf8 39. h4 Re6 40. Re4
Kf7 41. Rg5 Ke7 42. Kc2 Kd6 43. Kd3 Nf6 44. Re1 e4+ 45. Kd2 e3+ 46. Kc2 Ne4 47.
Rg2 Nf2 48. Rgg1 d3+ 49. Kc3 d2 50. Ra1 Kc6 51. Kc2 Rd6 52. Rad1 Nxd1 53. Kxd1
Kd7 54. Ke2 Ke7 55. a3 a5 56. Rf1 Ke6 57. Kd1 Ke5 58. Ke2 Ke4 59. Rg1 d1=Q+ 60.
Rxd1 Rxd1 61. Kxd1 Kd3 62. b4 e2+ 63. Ke1 axb4 64. axb4 cxb4 65. c5 b3 66. c6
b2 67. c7 b1=Q+ 68. Kf2 e1=Q+ 0-1

[Event "Excelsior August op"]
[Site "Toronto CAN"]
[Date "2023.08.12"]
[Round "3.4"]
[White "Ning, Eric"]
[Black "Moon, Ethan"]
[Result "1-0"]
[WhiteElo "2135"]
[BlackElo "2239"]
[PlyCount "113"]
[EventDate "2023.08.11"]
[EventType "swiss"]
[EventRounds "5"]
[EventCountry "CAN"]

1. d4 d5 2. c4 e6 3. Nc3 Nf6 4. cxd5 exd5 5. Bg5 c6 6. e3 Bd6 7. Bd3 Nbd7 8.
Qc2 h6 9. Bh4 Qc7 10. Nge2 O-O 11. f3 c5 12. Nb5 Qa5+ 13. Qd2 Qxd2+ 14. Kxd2
Bb8 15. Bxf6 gxf6 16. Nbc3 c4 17. Bf5 Nb6 18. Bxc8 Rxc8 19. Ng3 Bd6 20. Nf5 Bf8
21. e4 Rd8 22. Ke3 Rac8 23. Rad1 Kh7 24. a3 a6 25. g4 Rc6 26. Rhe1 dxe4 27.
fxe4 Nc8 28. Nd5 Nb6 29. Nc3 Nc8 30. h4 Rb6 31. Nd5 Rxb2 32. Nxf6+ Kh8 33. g5
Ne7 34. Nxh6 Bxh6 35. gxh6 Ng8 36. Nxg8 Rxg8 37. d5 Rb3+ 38. Kd4 Rxa3 39. Kxc4
b5+ 40. Kc5 Rc3+ 41. Kb6 b4 42. Rc1 Rd3 43. Kxa6 Rb8 44. Ka7 Rb5 45. Rc6 b3 46.
Rb6 Ra5+ 47. Kb7 f5 48. d6 fxe4 49. Rxe4 Rad5 50. Kc7 Rc5+ 51. Kd8 b2 52. d7
Rc2 53. Ke8 Rcd2 54. Re7 Rg3 55. h7 Rf3 56. d8=Q b1=Q 57. Rxb1 1-0

[Event "Excelsior August op"]
[Site "Toronto CAN"]
[Date "2023.08.12"]
[Round "3.5"]
[White "Laughlin, Braden"]
[Black "Bordas, Gyula"]
[Result "1-0"]
[WhiteElo "2061"]
[BlackElo "1954"]
[PlyCount "122"]
[EventDate "2023.08.11"]
[EventType "swiss"]
[EventRounds "5"]
[EventCountry "CAN"]

1. d4 c5 2. d5 e6 3. c4 exd5 4. cxd5 d6 5. Nc3 g6 6. Nf3 Bg7 7. g3 Nf6 8. Bg2
O-O 9. O-O Re8 10. Nd2 a6 11. a4 Nbd7 12. h3 Nh5 13. Kh2 f5 14. Nf3 Rb8 15. Re1
b5 16. axb5 axb5 17. Ng5 Nf8 18. Ra7 Qb6 19. Rf7 Ra8 20. e3 b4 21. Nb1 h6 22.
Rxg7+ Kxg7 23. Nf3 Nf6 24. Nfd2 N8d7 25. Nc4 Qc7 26. b3 Ra2 27. Bb2 Nb6 28. Qc2
Kf7 29. Nxb6 Qxb6 30. Nd2 Ba6 31. Qb1 Rxb2 32. Qxb2 Bb7 33. Nc4 Qc7 34. Ra1 Ra8
35. Rxa8 Bxa8 36. Qd2 Kg7 37. Qa2 Bxd5 38. Bxd5 Nxd5 39. Qa6 Ne7 40. Nxd6 Qc6
41. Qa1+ Kg8 42. Qe5 Qf3 43. Qe6+ Kh8 44. Qf6+ Kg8 45. Qf7+ Kh8 46. Qf8+ Ng8
47. Nf7+ Kh7 48. Qxh6+ Nxh6 49. Ng5+ Kg7 50. Nxf3 Kf6 51. Nd2 Nf7 52. Kg2 Ne5
53. Kf1 Ke6 54. Ke2 Kd5 55. f4 Nd7 56. g4 fxg4 57. hxg4 Nf6 58. g5 Ne8 59. Kd3
Nd6 60. e4+ Kc6 61. Nc4 Nb5 1-0

[Event "Excelsior August op"]
[Site "Toronto CAN"]
[Date "2023.08.12"]
[Round "3.6"]
[White "Ruchinskaya, Valerie"]
[Black "Singh, Mahip"]
[Result "0-1"]
[WhiteElo "2099"]
[BlackElo "2201"]
[PlyCount "88"]
[EventDate "2023.08.11"]
[EventType "swiss"]
[EventRounds "5"]
[EventCountry "CAN"]

1. d4 d5 2. c4 c6 3. cxd5 cxd5 4. Bf4 Nc6 5. Nc3 f6 6. Nf3 e5 7. dxe5 d4 8. Ne4
fxe5 9. Bd2 Qd5 10. Qc2 Nb4 11. Bxb4 Bxb4+ 12. Ned2 Ne7 13. e4 dxe3 14. fxe3
Bg4 15. Qa4+ Nc6 16. O-O-O O-O-O 17. Bc4 Qc5 18. Qc2 Kb8 19. Rhe1 Qb6 20. Kb1
Bh5 21. h3 e4 22. g4 exf3 23. gxh5 Ne5 24. Bb3 Nd3 25. Rf1 Qxe3 26. Rxf3 Qe2
27. Bc4 Qxd1+ 28. Qxd1 Ne5 29. Qb3 Rxd2 30. Rf1 Ba5 31. Rf5 Rhd8 32. a3 Bc7 33.
Rf1 Nxc4 34. Qxc4 Be5 35. b3 Rb2+ 36. Kc1 Rc8 37. Rf5 Rxc4+ 38. bxc4 Re2 39.
Kd1 Re4 40. Kd2 Bb2 41. Kd3 Rh4 42. Rf8+ Kc7 43. Rf7+ Kc6 44. Kc2 Bf6 0-1

[Event "Excelsior August op"]
[Site "Toronto CAN"]
[Date "2023.08.12"]
[Round "3.7"]
[White "Mahtani, Nitin"]
[Black "Kim, Noah"]
[Result "1-0"]
[WhiteElo "2025"]
[BlackElo "2142"]
[PlyCount "86"]
[EventDate "2023.08.11"]
[EventType "swiss"]
[EventRounds "5"]
[EventCountry "CAN"]

1. d4 Nf6 2. c4 g6 3. Nc3 Bg7 4. e4 d6 5. Nf3 O-O 6. Be2 Nbd7 7. O-O e5 8. Be3
Qe7 9. Qc2 c6 10. d5 c5 11. a3 Nh5 12. Ne1 Nf4 13. Nd3 Nxe2+ 14. Qxe2 f5 15. f3
f4 16. Bf2 g5 17. b4 b6 18. a4 a5 19. bxc5 bxc5 20. Nb5 h5 21. Nc7 Ra7 22. Ne6
Rf7 23. Rab1 Ba6 24. Rfc1 Rb7 25. h3 Rxb1 26. Rxb1 Bxc4 27. Rb7 Qe8 28. Nxg5
Re7 29. Qc2 Qa8 30. Nxc5 dxc5 31. Qxc4 Qxb7 32. d6+ Re6 33. Qxe6+ Kh8 34. Qe8+
Nf8 35. Ne6 Qd7 36. Nxg7 Kxg7 37. Qe7+ Kg8 38. Qg5+ Qg7 39. Qxh5 c4 40. Qe8 Qd7
41. Qxe5 Qxa4 42. Bd4 Qd1+ 43. Kh2 Qh1+ 1-0

[Event "Excelsior August op"]
[Site "Toronto CAN"]
[Date "2023.08.12"]
[Round "3.8"]
[White "Oancea, Nicolae"]
[Black "Zhao, Jifan"]
[Result "0-1"]
[WhiteElo "2100"]
[BlackElo "2081"]
[PlyCount "138"]
[EventDate "2023.08.11"]
[EventType "swiss"]
[EventRounds "5"]
[EventCountry "CAN"]

1. d4 d5 2. Nf3 Nf6 3. c4 dxc4 4. e3 a6 5. Bxc4 b5 6. Bb3 Bb7 7. Nc3 e6 8. a3
Be7 9. Bc2 O-O 10. b4 Nbd7 11. Bb2 Nb6 12. O-O Nc4 13. Bc1 a5 14. Rb1 axb4 15.
axb4 Nd6 16. Qe2 Nfe4 17. Qd3 g6 18. Ne2 Bd5 19. Bb3 c6 20. Bxd5 cxd5 21. Ne5
Nc4 22. f3 Ned6 23. Nc6 Qc7 24. Nxe7+ Qxe7 25. e4 Kg7 26. e5 Ne8 27. f4 f5 28.
Qc3 Nc7 29. Bd2 Ra2 30. Rfd1 Rfa8 31. Nc1 R2a3 32. Nb3 R8a7 33. Be1 Na8 34. Qh3
Nab6 35. Bh4 Qxb4 36. Bf6+ Kg8 37. Nc5 Qxb1 38. Rxb1 Rxh3 39. gxh3 Na3 40. Rb3
Kf7 41. Nd3 Nbc4 42. Nb4 Nd2 43. Rd3 Nac4 44. Nc6 Ra1+ 45. Kg2 Ke8 46. Bh4 Kd7
47. Nb4 Ra4 48. Nc2 b4 49. Nxb4 Rxb4 50. Rc3 Rb3 51. Rc1 Rb1 52. Rc3 Ne4 53.
Rd3 Kc6 54. Bg3 Kb5 55. h4 Kb4 56. h5 Rb3 57. hxg6 hxg6 58. Be1+ Ka4 59. Rh3
Rxh3 60. Kxh3 Kb3 61. Kg2 Kc2 62. Bb4 Kd3 63. Bc5 Ke3 64. h4 Kxf4 65. Bf8 Kg4
66. Be7 f4 67. Kf1 f3 68. Ke1 f2+ 69. Ke2 Ne3 0-1

[Event "Excelsior August op"]
[Site "Toronto CAN"]
[Date "2023.08.13"]
[Round "4.2"]
[White "Li, William"]
[Black "Moses, Neil"]
[Result "1-0"]
[WhiteElo "2272"]
[BlackElo "2023"]
[PlyCount "83"]
[EventDate "2023.08.11"]
[EventType "swiss"]
[EventRounds "5"]
[EventCountry "CAN"]

1. e4 c5 2. Nf3 d6 3. Bb5+ Nd7 4. a4 Ngf6 5. Nc3 e6 6. O-O Be7 7. d4 cxd4 8.
Qxd4 O-O 9. Rd1 e5 10. Qe3 a6 11. Bf1 Qc7 12. Nd2 Nc5 13. Nc4 Be6 14. Nd5 Nxd5
15. exd5 Bf5 16. b4 Ne4 17. f3 Nf6 18. Nb6 Rad8 19. c4 e4 20. Bb2 Rfe8 21. a5
exf3 22. gxf3 Nd7 23. Qf4 Bg6 24. Bd4 Ne5 25. Bxe5 dxe5 26. Qd2 Bf6 27. d6 Qc6
28. Qd5 Qxd5 29. Rxd5 e4 30. Ra3 exf3 31. Rxf3 Be4 32. Rxf6 gxf6 33. Rd4 Bc6
34. b5 axb5 35. cxb5 Be4 36. a6 bxa6 37. bxa6 Ba8 38. a7 Kf8 39. d7 Re7 40.
Nxa8 Rexd7 41. Rxd7 Rxd7 42. Nc7 1-0

[Event "Excelsior August op"]
[Site "Toronto CAN"]
[Date "2023.08.13"]
[Round "4.3"]
[White "Wiebe, Isaac"]
[Black "Ning, Eric"]
[Result "0-1"]
[WhiteElo "2251"]
[BlackElo "2135"]
[PlyCount "136"]
[EventDate "2023.08.11"]
[EventType "swiss"]
[EventRounds "5"]
[EventCountry "CAN"]

1. e4 c5 2. Nf3 Nc6 3. d4 cxd4 4. Nxd4 g6 5. c4 Bg7 6. Be3 Nh6 7. Nc3 O-O 8.
Be2 f5 9. exf5 Bxd4 10. Bxh6 Rxf5 11. O-O Qb6 12. Bf3 Qxb2 13. Bxc6 Qxc3 14.
Rc1 Qb2 15. Rc2 Qb6 16. c5 Bxc5 17. Bxd7 Bxd7 18. Qxd7 Rd8 19. Qa4 Qb4 20. Qxb4
Bxb4 21. Be3 b6 22. g3 Rfd5 23. Kg2 Kf7 24. Rb1 Bd2 25. Rb3 Bxe3 26. Rxe3 Rd2
27. Rc7 R8d7 28. Rxd7 Rxd7 29. Kf3 Rd5 30. h4 Ra5 31. a3 h5 32. Ke4 Ke6 33.
Kd4+ Kd6 34. Kc4 Rc5+ 35. Kb3 e5 36. Rd3+ Rd5 37. Rf3 Ke6 38. Re3 Rd4 39. Kc3
Kd5 40. Rf3 Rc4+ 41. Kb3 Rc6 42. Rd3+ Ke4 43. Re3+ Kd4 44. Rf3 e4 45. Rf8 Rc3+
46. Kb4 a5+ 47. Kb5 Rb3+ 48. Kc6 Rxa3 49. Rd8+ Kc4 50. Re8 Kd4 51. Rd8+ Kc4 52.
Re8 Kd3 53. Kxb6 Ke2 54. Rxe4+ Kxf2 55. g4 Kf3 56. Re6 Kxg4 57. Rxg6+ Kxh4 58.
Kc5 Rg3 59. Ra6 Kh3 60. Kd5 h4 61. Ke4 a4 62. Rh6 a3 63. Rc6 Kh2 64. Rc2+ Rg2
65. Rc3 a2 66. Ra3 Kg1 67. Ra8 h3 68. Kf3 h2 0-1

[Event "Excelsior August op"]
[Site "Toronto CAN"]
[Date "2023.08.13"]
[Round "4.4"]
[White "Singh Dhaliwal, Jaipreet"]
[Black "Laughlin, Braden"]
[Result "1-0"]
[WhiteElo "2170"]
[BlackElo "2061"]
[PlyCount "67"]
[EventDate "2023.08.11"]
[EventType "swiss"]
[EventRounds "5"]
[EventCountry "CAN"]

1. e4 c5 2. Nf3 d6 3. d4 cxd4 4. Nxd4 Nf6 5. Nc3 Nc6 6. Bc4 Qb6 7. Nb3 e6 8.
Bf4 Ne5 9. Be2 a6 10. Qd2 Qc7 11. f3 Bd7 12. O-O Be7 13. Kh1 h5 14. a4 Rc8 15.
a5 h4 16. Bd3 Nh5 17. Be3 Nc4 18. Bxc4 Qxc4 19. Bg5 Nf6 20. Rad1 Bc6 21. Qf2
Bb5 22. Bxh4 Qc7 23. Nxb5 axb5 24. Bg3 e5 25. c3 Nh5 26. Rd5 Qc4 27. Nd2 Qa4
28. f4 Nxg3+ 29. Qxg3 Bf6 30. Rxd6 Qxa5 31. fxe5 Be7 32. e6 Bxd6 33. Qxd6 Rc7
34. Nb3 1-0

[Event "Excelsior August op"]
[Site "Toronto CAN"]
[Date "2023.08.13"]
[Round "4.5"]
[White "Singh, Mahip"]
[Black "Mahtani, Nitin"]
[Result "1-0"]
[WhiteElo "2201"]
[BlackElo "2025"]
[PlyCount "97"]
[EventDate "2023.08.11"]
[EventType "swiss"]
[EventRounds "5"]
[EventCountry "CAN"]

1. e4 c6 2. d4 d5 3. exd5 cxd5 4. Bd3 Nc6 5. c3 Nf6 6. Bf4 Bg4 7. Qb3 e5 8. h3
Na5 9. Qc2 exf4 10. hxg4 Nxg4 11. Qe2+ Qe7 12. Nh3 f3 13. gxf3 Qxe2+ 14. Kxe2
Nf6 15. f4 Bd6 16. Kf3 O-O 17. Nd2 Rfe8 18. Rag1 Nc6 19. Nf1 Re1 20. Ne3 Rxg1
21. Rxg1 Ne7 22. f5 Kf8 23. Nf4 g6 24. Bc2 Re8 25. fxg6 hxg6 26. Bb3 Rd8 27.
Nfxd5 Nexd5 28. Nxd5 Nxd5 29. Bxd5 Ba3 30. Ke4 f5+ 31. Kd3 Rxd5 32. bxa3 Kf7
33. Rh1 Kg7 34. Kc4 Rd6 35. d5 b6 36. Kd4 Rd7 37. Ke5 Re7+ 38. Kd6 Re4 39. Rd1
Kf7 40. Rd4 Re2 41. Kc7 Rc2 42. Rd3 Rxf2 43. d6 Re2 44. d7 Re7 45. Kc6 Rxd7 46.
Rxd7+ Kf6 47. Kd5 Kg5 48. Ke5 Kg4 49. Rd4+ 1-0

[Event "Excelsior August op"]
[Site "Toronto CAN"]
[Date "2023.08.13"]
[Round "4.6"]
[White "Moon, Ethan"]
[Black "Zhao, Jifan"]
[Result "1/2-1/2"]
[WhiteElo "2239"]
[BlackElo "2081"]
[PlyCount "44"]
[EventDate "2023.08.11"]
[EventType "swiss"]
[EventRounds "5"]
[EventCountry "CAN"]

1. d4 d5 2. Nf3 Nf6 3. e3 e6 4. b3 Be7 5. Bb2 O-O 6. Bd3 b6 7. O-O Nbd7 8. Nbd2
Bb7 9. Ne5 Nxe5 10. dxe5 Ne4 11. f3 Nxd2 12. Qxd2 f5 13. exf6 Bxf6 14. Bxf6
Qxf6 15. Rae1 Rad8 16. Qe2 e5 17. e4 d4 18. Ba6 Bxa6 19. Qxa6 Qc6 20. Qd3 Kh8
21. g3 g5 22. Kg2 Qh6 1/2-1/2

[Event "Excelsior August op"]
[Site "Toronto CAN"]
[Date "2023.08.13"]
[Round "4.7"]
[White "Oancea, Nicolae"]
[Black "Ruchinskaya, Valerie"]
[Result "0-1"]
[WhiteElo "2100"]
[BlackElo "2099"]
[PlyCount "116"]
[EventDate "2023.08.11"]
[EventType "swiss"]
[EventRounds "5"]
[EventCountry "CAN"]

1. c4 c6 2. Nf3 d5 3. e3 Nf6 4. b3 Bg4 5. Bb2 e6 6. cxd5 exd5 7. Be2 Nbd7 8. d3
Bc5 9. O-O O-O 10. Nc3 Qe7 11. Nd4 Bxe2 12. Ncxe2 g6 13. a3 Bd6 14. b4 a5 15.
bxa5 Rxa5 16. h3 Rfa8 17. Nb3 R5a6 18. a4 Rxa4 19. Rxa4 Rxa4 20. Nc3 Ra6 21. e4
dxe4 22. dxe4 Be5 23. Qc2 Nh5 24. g3 Qg5 25. Bc1 Qf6 26. Ne2 Qd6 27. Rd1 Qc7
28. Qd3 Nf8 29. f4 Bf6 30. e5 Be7 31. Be3 Ra8 32. Rb1 Ng7 33. Qe4 Nf5 34. Bf2
Re8 35. g4 Ng7 36. Nc5 b5 37. Rc1 f6 38. Na6 Qb7 39. Rxc6 fxe5 40. Qc2 exf4 41.
Qa2+ Kh8 42. Rc7 Qe4 43. Nc3 Qe6 44. Qxe6 Nfxe6 45. Rb7 Ng5 46. Bd4 Nf3+ 47.
Kf2 Nxd4 48. Nc7 Rc8 49. N3d5 Bc5 50. Kf1 Nge6 51. Nxe6 Nxe6 52. Rxb5 f3 53.
Rb7 Bd4 54. Rb1 Ng5 55. Rd1 Ne4 56. Ne7 Ng3+ 57. Ke1 f2+ 58. Kd2 Re8 0-1

[Event "Excelsior August op"]
[Site "Toronto CAN"]
[Date "2023.08.13"]
[Round "5.3"]
[White "Moses, Neil"]
[Black "Singh Dhaliwal, Jaipreet"]
[Result "1/2-1/2"]
[WhiteElo "2023"]
[BlackElo "2170"]
[PlyCount "60"]
[EventDate "2023.08.11"]
[EventType "swiss"]
[EventRounds "5"]
[EventCountry "CAN"]

1. Nf3 Nf6 2. g3 g6 3. Bg2 Bg7 4. d4 d6 5. Nbd2 O-O 6. O-O Nbd7 7. e4 e5 8.
dxe5 dxe5 9. Qe2 Qe7 10. Nc4 b6 11. b3 Ba6 12. Nfd2 Rad8 13. Re1 Rfe8 14. Bb2
Qe6 15. a4 Bh6 16. Qf3 Bb7 17. Rad1 a5 18. Qc3 Bf8 19. Ba3 Qc6 20. Bxf8 Nxf8
21. Qf3 Kg7 22. Nb1 Rxd1 23. Qxd1 Qc5 24. Nc3 Ba6 25. Bf1 Qd4 26. Qxd4 exd4 27.
e5 Kg8 28. Nb5 Bxb5 29. axb5 N8d7 30. f4 Nd5 1/2-1/2

[Event "Excelsior August op"]
[Site "Toronto CAN"]
[Date "2023.08.13"]
[Round "5.4"]
[White "Laughlin, Braden"]
[Black "Singh, Mahip"]
[Result "0-1"]
[WhiteElo "2061"]
[BlackElo "2201"]
[PlyCount "72"]
[EventDate "2023.08.11"]
[EventType "swiss"]
[EventRounds "5"]
[EventCountry "CAN"]

1. Nf3 d5 2. d4 e6 3. c4 a6 4. g3 dxc4 5. Bg2 Nc6 6. O-O Rb8 7. e4 Nf6 8. e5
Nd5 9. Qc2 b5 10. b3 Ncb4 11. Qe2 c3 12. a3 c2 13. Nbd2 Nc3 14. Qe3 Nbd5 15.
Qd3 b4 16. Nc4 bxa3 17. Qxc2 Nb5 18. Nxa3 Be7 19. Nxb5 Rxb5 20. Ba3 O-O 21.
Rfc1 Bb7 22. h4 h6 23. Bxe7 Qxe7 24. Nd2 Rb8 25. Ne4 a5 26. Nd2 Qd8 27. Ne4 Ba8
28. Nc5 Nb4 29. Qd1 Bxg2 30. Kxg2 Qd5+ 31. Kg1 Rd8 32. Qe2 Rbb8 33. Qc4 Qf3 34.
Rc3 Qg4 35. f4 Nd5 36. Kf2 Rb4 0-1

[Event "Excelsior August op"]
[Site "Toronto CAN"]
[Date "2023.08.13"]
[Round "5.5"]
[White "Kim, Noah"]
[Black "Wiebe, Isaac"]
[Result "1/2-1/2"]
[WhiteElo "2142"]
[BlackElo "2251"]
[PlyCount "59"]
[EventDate "2023.08.11"]
[EventType "swiss"]
[EventRounds "5"]
[EventCountry "CAN"]

1. Nf3 g6 2. d4 Bg7 3. e4 c6 4. c4 d5 5. e5 f6 6. Nc3 Nh6 7. exf6 exf6 8. cxd5
O-O 9. dxc6 Nxc6 10. Bc4+ Kh8 11. O-O Bg4 12. Be2 Nf5 13. d5 Bxf3 14. Bxf3 Ne5
15. Be2 Qb6 16. Na4 Qd6 17. f4 Nd7 18. Bg4 Ne7 19. Nc3 f5 20. Bf3 Nb6 21. Re1
Rfd8 22. Be3 Nexd5 23. Bd4 Nxc3 24. Bxg7+ Kxg7 25. Qxd6 Rxd6 26. bxc3 Rd7 27.
a4 Rc8 28. a5 Nc4 29. a6 b6 30. Kf2 1/2-1/2

[Event "Excelsior August op"]
[Site "Toronto CAN"]
[Date "2023.08.13"]
[Round "5.6"]
[White "Mahtani, Nitin"]
[Black "Moon, Ethan"]
[Result "0-1"]
[WhiteElo "2025"]
[BlackElo "2239"]
[PlyCount "104"]
[EventDate "2023.08.11"]
[EventType "swiss"]
[EventRounds "5"]
[EventCountry "CAN"]

1. d4 d5 2. c4 e6 3. Nc3 Nf6 4. Nf3 c6 5. e3 Be7 6. Bd3 O-O 7. O-O dxc4 8. Bxc4
b5 9. Bd3 Bb7 10. e4 b4 11. Na4 Nbd7 12. Bg5 h6 13. Bh4 Rc8 14. Rc1 c5 15. e5
Nd5 16. Bxe7 Qxe7 17. Nxc5 Nxc5 18. dxc5 Rxc5 19. Qd2 Rfc8 20. Bb1 Ba6 21. Rfd1
Qc7 22. Rxc5 Qxc5 23. Qe1 Nf4 24. Qe4 Ne2+ 25. Kh1 g6 26. Qh4 Qc1 27. Re1 Qf4
28. Qe7 Rc1 29. Qd8+ Kg7 30. Qf6+ Qxf6 31. exf6+ Kxf6 32. Rxc1 Nxc1 33. Nd4 Bd3
34. Bxd3 Nxd3 35. Nc6 Nxf2+ 36. Kg1 Nd3 37. b3 Kf5 38. Nxa7 Ke4 39. Nb5 Kd5 40.
a4 Kc5 41. Nc7 Kb6 42. Nb5 Nc1 43. Nd4 e5 44. Nc2 Kc5 45. a5 Na2 46. a6 Kb6 47.
a7 Kxa7 48. Kf2 Kb6 49. Ke3 f5 50. Kd2 Kc5 51. Ne3 Nc3 52. Nc4 Kd4 0-1